À qui appartient ce lightstick de kpop ? - Statistiques

Statistiques générales
  • Ce quiz a été pris 214 fois
  • Le résultat moyen est 21 sur 28
Statistiques - réponses
Par images Réponse % Correct
Blackpink
100%
BTS
99%
Aespa
98%
Stray Kids
97%
Twice
97%
Babymonster
93%
Exo
93%
Txt
92%
Itzy
91%
Ateez
87%
Enhypen
87%
Ive
87%
Le sserafim
86%
Mamamoo
81%
Nct
80%
Seventeen
76%
I-dle
72%
Dreamcatcher
69%
Girl's Generation
69%
Mcnd
67%
StayC
67%
Illit
64%
Ikon
50%
Monsta X
50%
A.c.e
49%
Shinee
47%
P1Harmony
38%
WayV
34%
Aucun quiz correspondant
Distribution des résultats
% des personnes avec chaque résultat
Percentile par nombre de réponses
Votre historique - résultats
Vous n’avez pas pris ce quiz